000 00542nam a22001817a 4500
005 20251108172644.0
008 250721s1994 xx 000 0 ara d
082 1 4 _a616.8914/عبا
100 1 _aعباس، فيصل
245 1 0 _aأضواء على المعالجة النفسية /
264 1 _aبيروت :
_bدار الفكر اللبناني،
_c1994.
300 _a285 ص
650 1 7 _aالطب النفسي
650 1 7 _aالعالج النفسي
650 1 7 _aالإرشاد النفسي
942 _2ddc
_cBK
999 _c85132
_d85132